| 000 | nam a22 7a 4500 | ||
|---|---|---|---|
| 999 |
_c126384 _d126384 |
||
| 008 | 170411b xxu||||| |||| 00| 0 eng d | ||
| 050 | _aDT934.K5 G3 | ||
| 100 |
_aGardner, Brian _95793 |
||
| 245 |
_aThe lion's cage _cBrian Cage |
||
| 260 |
_aLondon _bArthur Barker Limited _c1969 |
||
| 300 |
_a200p. ; _c22cm. |
||
| 600 |
_aRhodes, Cecil John _929763 |
||
| 650 |
_aKimberley _xSiege _929764 |
||
| 942 |
_2lcc _cMONOGRAPH |
||